Online
Catalog

Naboth's vineyard : (Record no. 13685)

MARC details
000 -CABECERA
campo de control de longitud fija 00838nam a2200205 a 4500
001 - NÚMERO DE CONTROL
campo de control 000014083
005 - FECHA Y HORA DE LA ÚLTIMA TRANSACCIÓN
campo de control 20240422101417.0
008 - DATOS DE LONGITUD FIJA--INFORMACIÓN GENERAL
campo de control de longitud fija 091204s1928 xxu 001 0 spa d
040 ## - FUENTE DE LA CATALOGACIÓN
Centro catalogador/agencia de origen DO-SdBNP
Lengua de catalogación spa
Centro/agencia transcriptor BNPHU
082 ## - NÚMERO DE LA CLASIFICACIÓN DECIMAL DEWEY
Número de clasificación 972.9305
Número de documento/Ítem W449n
100 1# - ENTRADA PRINCIPAL--NOMBRE DE PERSONA
Nombre de persona Welles, Benjamin Sumner,
Fechas asociadas al nombre 1892-1961
9 (RLIN) 31871
245 10 - MENCIÓN DE TÍTULO
Título Naboth's vineyard :
Resto del título the Dominican Republic 1844 - 1924 /
Mención de responsabilidad, etc. Sumener Welles.
260 ## - PUBLICACIÓN, DISTRIBUCIÓN, ETC.
Lugar de publicación, distribución, etc. New York :
Nombre del editor, distribuidor, etc. Payson & Clarke,
Fecha de publicación, distribución, etc. 1928.
300 ## - DESCRIPCIÓN FÍSICA
Extensión 2 v. :
Otras características físicas il. ;
Dimensiones 23 cm.
500 ## - NOTA GENERAL
Nota general Incluye notas al pie de las páginas.
651 #0 - PUNTO DE ACCESO ADICIONAL DE MATERIA--NOMBRE GEOGRÁFICO
Nombre geográfico República Dominicana --
Subdivisión general Historia --
Subdivisión cronológica Ocupación norteamericana, 1916-1924
9 (RLIN) 1926
651 #4 - PUNTO DE ACCESO ADICIONAL DE MATERIA--NOMBRE GEOGRÁFICO
Nombre geográfico República Dominicana
Subdivisión general Relaciones Exteriores
Subdivisión geográfica Estados Unidos
9 (RLIN) 6308
651 #4 - PUNTO DE ACCESO ADICIONAL DE MATERIA--NOMBRE GEOGRÁFICO
Nombre geográfico Estados Unidos
Subdivisión general Relaciones Exteriores
Subdivisión geográfica República Dominicana
9 (RLIN) 6309
910 ## - DATOS DE OPCIÓN DEL USUARIO (OCLC)
Datos de opción del usuario Validado. Control de calidad BNPHU
Holdings
Estado de retiro Estado de pérdida Restricciones de uso No para préstamo Código de colección Localización permanente Ubicación/localización actual Ubicación en estantería Fecha de adquisición Número de inventario Total de préstamos Signatura topográfica completa Código de barras Fecha visto por última vez Precio válido a partir de Tipo de ítem Koha
      Excluido de préstamo Raros y valiosos Patrimonio Dominicano Patrimonio Dominicano Depósito 04.12.2009 LF1   972.9305 W449n | v. 1 14083-10 25.06.2020 25.06.2020 No se presta
      Excluido de préstamo Raros y valiosos Patrimonio Dominicano Patrimonio Dominicano Depósito 27.05.2011 LF1   972.9305 W449n | v. 1, e. 2 14083-20 25.06.2020 25.06.2020 No se presta
        Raros y valiosos Patrimonio Dominicano Patrimonio Dominicano Depósito 22.07.2013 LF1   972.9305 W449n | v. 1, e.3 14083-30 25.06.2020 25.06.2020 Préstamo en sala
      Excluido de préstamo Raros y valiosos Patrimonio Dominicano Patrimonio Dominicano Depósito 22.07.2013 LF1   972.9305 W449n | v. 2 14083-40 25.06.2020 25.06.2020 No se presta

Powered by Koha